Statistics for Столицы стран

Click here to take the quiz!

General Stats

  • This quiz has been taken 423 times
  • The average score is 58 of 195

Answer Stats

СтранаСтолица% Correct
АвстрияВена
77%
БелоруссияМинск
76%
АвстралияКанберра
73%
АзербайджанБаку
73%
ВеликобританияЛондон
73%
РоссияМосква
71%
ИталияРим
70%
БразилияБразилиа
70%
ГерманияБерлин
69%
УкраинаКиев
68%
КитайПекин
68%
ЯпонияТокио
67%
АрменияЕреван
65%
СШАВашингтон
65%
КазахстанАстана
64%
ФранцияПариж
63%
ГрецияАфины
63%
АлжирАлжир
63%
ИспанияМадрид
63%
ЕгипетКаир
60%
ВатиканВатикан
59%
ПольшаВаршава
58%
КанадаОттава
56%
ТурцияАнкара
56%
БолгарияСофия
56%
ГрузияТбилиси
56%
МексикаМехико
55%
ЛатвияРига
55%
ИндияНью-Дели
55%
Южная КореяСеул
54%
ЛюксембургЛюксембург
53%
АргентинаБуэнос-Айрес
52%
НорвегияОсло
52%
ВенгрияБудапешт
52%
БельгияБрюссель
52%
ДанияКопенгаген
50%
НидерландыАмстердам
50%
ПортугалияЛиссабон
50%
ИзраильИерусалим
49%
МонакоМонако
49%
Северная КореяПхеньян
49%
ЧехияПрага
48%
ЛитваВильнюс
48%
АлбанияТирана
48%
ИрландияДублин
47%
АфганистанКабул
46%
ФинляндияХельсинки
46%
ОАЭАбу-Даби
45%
СербияБелград
44%
ИсландияРейкьявик
43%
ШвейцарияБерн
43%
ШвецияСтокгольм
42%
ИранТегеран
42%
МолдоваКишинёв
41%
РумынияБухарест
41%
МонголияУлан-Батор
40%
СингапурСингапур
40%
КиргизияБишкек
40%
ЭстонияТаллин
40%
УзбекистанТашкент
39%
Сан-МариноСан-Марино
38%
Босния и ГерцеговинаСараево
38%
АндорраАндорра-ла-велья
37%
СловакияБратислава
36%
ИндонезияДжакарта
36%
ИракБагдад
35%
ВьетнамХаной
35%
ХорватияЗагреб
35%
ТунисТунис
33%
ПанамаПанама
32%
МадагаскарАнтананариву
32%
СловенияЛюбляна
32%
КубаГавана
31%
ЛихтенштейнВадуц
31%
ТаиландБангкок
30%
ПакистанИсламабад
29%
ПеруЛима
29%
ТаджикистанДушанбе
29%
БангладешДакка
29%
КипрНикосия
29%
ВенесуэлаКаракас
29%
ЧилиСантьяго
28%
КатарДоха
27%
Саудовская АравияЭр-Рияд
27%
ЧерногорияПодгорица
27%
Новая ЗеландияВеллингтон
27%
СирияДамаск
27%
ТуркменистанАшхабад
26%
ФилиппиныМанила
25%
ГватемалаГватемала
25%
Северная МакедонияСкопье
25%
МалайзияКуала-Лумпур
25%
АнголаЛуанда
25%
КенияНайроби
23%
МальтаВаллетта
23%
ЙеменСана
23%
НепалКатманду
23%
КолумбияБогота
23%
ИорданияАмман
23%
ЛивияТриполи
22%
МароккоРабат
22%
МальдивыМале
22%
ЭквадорКито
22%
КувейтЭль-Кувейт
21%
БоливияСукре
21%
УругвайМонтевидео
20%
ЛиванБейрут
20%
СальвадорСан-Сальвадор
20%
Гвинея-БисауБисау
20%
Д.Р. КонгоКиншаса
20%
ДжибутиДжибути
19%
ГанаАккра
19%
БахрейнМанама
19%
БутанТхимпху
19%
Восточный ТиморДили
19%
ОманМаскат
19%
ПарагвайАсунсьон
19%
КамбоджаПномпень
19%
НикарагуаМанагуа
18%
ГондурасТегусигальпа
18%
БагамыНассау
18%
БелизБельмопан
18%
НигерияАбуджа
18%
ЮАРПретория
18%
ЯмайкаКингстон
18%
СенегалДакар
18%
Коста-РикаСан-Хосе
17%
ЛаосВьентьян
17%
СомалиМогадишо
17%
ГабонЛибревиль
17%
ЭфиопияАддис-Абеба
17%
ЗимбабвеХараре
17%
КонгоБраззавиль
17%
МьянмаНейпьидо
16%
ЗамбияЛусака
16%
Доминиканская РеспубликаСанто-Доминго
16%
Сан-Томе и ПринсипиСан-Томе
16%
БарбадосБриджтаун
16%
БрунейБандар-Сери-Бегаван
16%
ГайанаДжорджтаун
16%
ДоминикаРозо
15%
БенинПорто-Ново
15%
НигерНиамей
15%
Буркина-ФасоУагадугу
15%
СуринамПарамарибо
15%
Антигуа и БарбудаСент-Джонс
15%
ГаитиПорт-о-Пренс
15%
КамерунЯунде
14%
Кабо-ВердеПрая
14%
СейшелыВиктория
14%
ЧадНджамена
14%
ТогоЛоме
14%
ЛиберияМонровия
14%
ЛесотоМасеру
13%
ГвинеяКонакри
13%
ГренадаСент-Джорджес
13%
БотсванаГабороне
13%
Тринидад и ТобагоПорт-оф-Спейн
13%
СуданХартум
13%
МавританияНуакшот
13%
Шри-ЛанкаШри-Джаяварденепура-Котте
13%
МалиБамако
13%
ТанзанияДодома
12%
НамибияВиндхук
12%
СамоаАпиа
12%
Сьерра-ЛеонеФритаун
12%
МозамбикМапуту
12%
Кот-д'ИвуарЯмусукро
12%
МаврикийПорт-Луи
12%
Папуа - Новая ГвинеяПорт-Морсби
12%
Южный СуданДжуба
11%
ЭритреяАсмэра
11%
ЦАРБанги
11%
МалавиЛилонгве
11%
ФиджиСува
11%
УгандаКампала
11%
БурундиГитега
11%
ВануатуПорт-Вила
11%
ГамбияБанжул
11%
Сент-ЛюсияКастри
11%
КирибатиЮжная Тарава
11%
Сент-Винсент и ГренадиныКингстаун
11%
РуандаКигали
11%
КоморыМорони
11%
ЭсватиниМбабане
10%
Маршалловы ОстроваМаджуро
10%
Сент-Китс и НевисБастер
10%
НауруЯрен
9%
ТувалуФунафути
9%
ПалауНгерулмуд
8%
Федеративные Штаты МикронезииПаликир
8%
Соломоновы ОстроваХониара
8%
Экваториальная ГвинеяМалабо
7%
ТонгаНукуалофа
7%
ПалестинаВосточный Иерусалим
6%

Score Distribution

Percentile by Number Answered

Percent of People with Each Score

Your Score History

You have not taken this quiz